00914cam a2200301Ia 4500001000800000005001700008008004100025020001800066020001500084035002400099035002100123035001700144040001300161041001800174082001900192100004000211245006000251246002000311250001100331260005000342300004900392500001300441546003300454600005100487650003200538650002200570650002000592892957320220326193329.0110624s2010 ck a c 000 0 spa d a9789589959305 a958995930X a(OCoLC)ocn732850781 a(OCoLC)732850781 a(NNC)8929573 aTEFcTEF1 aspaaenghspa a759.986bC292a1 aCaro Lopera, Antonio José,d1950-10aAntes de Cuiabá =bBefore Cuiabá /c[Antonio Caro].31aBefore Cuiabá a1. ed. a[Bogotá] :bGalería Casas Riegner,c2010. a1 v. (unpaged) :bill. (some col.) ;c28 cm. aCatalog. aText in Spanish and English.10aCaro Lopera, Antonio José,d1950-vCatalogs. aArte conceptual zColombia  aPinturazColombia aArte Conceptual